[Event "Cagliari Bitti Memorial-B 1st"]
[Site "Cagliari"]
[Date "2001.03.18"]
[Round "2"]
[White "Collu, Silvano"]
[Black "Abis, Josto"]
[Result "0-1"]
[WhiteElo "1434"]
[BlackElo "1512"]
[PlyCount "74"]
[EventDate "2001.03.17"]
[EventType "swiss"]
[EventRounds "7"]
[EventCountry "ITA"]
[SourceTitle "EXT 2023"]
[Source "ChessBase"]
[SourceDate "2022.10.05"]
[SourceVersion "1"]
[SourceVersionDate "2022.10.05"]
[SourceQuality "1"]

1. c4 e6 2. d4 d5 3. cxd5 exd5 4. Nc3 Nf6 5. Nf3 c6 6. e3 Bd6 7. Bd3 Bg4 8. 0-0 0-0 9. Be2 Qc7 10. h3 Bf5 11. Nh4 Be6 12. Bd3 Re8 13. Nf5 Bb4 14. a3 Bxc3 15. bxc3 Ne4 16. Bxe4 dxe4 17. Ng3 Bd5 18. Qc2 Bc4 19. Rd1 Qe7 20. a4 Qe6 21. Qb2 b6 22. Qb4 Na6 23. Qa3 Rad8 24. Qb2 Rd5 25. Nf1 Rg5 26. Ng3 h5 27. Kh2 Qd6 28. Kh1 h4 29. Ne2 Nc5 30. Nf4 Nd3 31. Qd2 Qd7 32. Ba3 Qf5 33. Nxd3 Bxd3 34. Rg1 Rh5 35. Kh2 g5 36. g3 hxg3+ 37. fxg3 Qxh3# 0-1